Fund industry looks beyond Europe (Record no. 78753)

MARC details
000 -LEADER
fixed length control field 00766cab a22001935a 4500
001 - CONTROL NUMBER
control field L137961
008 - FIXED-LENGTH DATA ELEMENTS--GENERAL INFORMATION
fixed length control field 070510e2007 xxk f 000 0 eng d
035 ## - SYSTEM CONTROL NUMBER
System control number (Sirsi) u137961
041 0# - LANGUAGE CODE
Language code of text/sound track or separate title eng
100 1# - MAIN ENTRY--PERSONAL NAME
Personal name Cooper, Mark
245 00 - TITLE STATEMENT
Title Fund industry looks beyond Europe
260 ## - PUBLICATION, DISTRIBUTION, ETC.
Date of publication, distribution, etc. 2007
490 #0 - SERIES STATEMENT
Series statement EuroProperty Fund Management
Volume/sequential designation 7 May 2007, 5-11(7)
520 ## - SUMMARY, ETC.
Summary, etc. Discusses how institutions are becoming keen to invest outside their domestic property market, building up global portfolios. Reports that the development of the unlisted funds business has empowered investors to gain global exposure without going direct.
590 ## - LOCAL NOTE (RLIN)
Local note KA
651 #4 - SUBJECT ADDED ENTRY--GEOGRAPHIC NAME
Geographic name EUROPE
690 ## - LOCAL SUBJECT ADDED ENTRY--TOPICAL TERM (OCLC, RLIN)
Topical term or geographic name as entry element PROPERTY-PROPERTY FINANCE AND INVESTMENT-PROPERTY INVESTMENT MANAGEMENT
942 ## - ADDED ENTRY ELEMENTS (KOHA)
Suppress in OPAC 0
Holdings
Withdrawn status Lost status Source of classification or shelving scheme Damaged status Not for loan Home library Current library Shelving location Date acquired Total Checkouts Full call number Barcode Date last seen Copy number Price effective from Koha item type
    Dewey Decimal Classification     London London Journal article 10/05/2007   L137961 137961-1001 06/08/2019 1 06/08/2019 Journal article